| 000 | 00930nam a2200277 a 4500 | ||
|---|---|---|---|
| 001 | 000018398 | ||
| 005 | 20200929165506.0 | ||
| 008 | 100504s1958 sp 000 f spa d | ||
| 040 | _aDO-SdBNP | ||
| 041 | 1 | 7 |
_aspa _hfre _2Código de idioma MARC |
| 082 |
_a863.914 _bC421n |
||
| 100 | 1 |
_aCesbron, Gilbert, _d1913-1979 _939609 |
|
| 240 | 1 | 0 |
_aNotre prison est un royaume, _lEspañol. |
| 245 | 1 | 0 |
_aNuestra prisión es un reino / _cGilbert Cesbron ; traducción de Mariano Tudela. |
| 260 |
_aBarcelona : _bLuis de Caralt, _c1958. |
||
| 300 |
_a283, [2] ; _c21 cm. |
||
| 490 | 1 | _aGigante | |
| 500 | _aIncluye notas al pie de las páginas | ||
| 534 |
_pTraducción del francés: _tNotre prison est un royaume. |
||
| 650 | 4 |
_aNovela francesa _91075 |
|
| 650 | 4 |
_aLiteratura francesa _ySIGLO XX _94232 |
|
| 700 | 1 |
_aTudela, Mariano, _etr. _939842 |
|
| 830 | 0 |
_aGigante _94165 |
|
| 910 | _aCatalogación original | ||
| 049 | _aBNGR | ||
| 999 |
_c17919 _d17919 |
||